000 01121nam a2200265 a 4500
001 000017065
005 20200929165019.0
008 100317s1998 dr a f001 0 spa d
040 _aDO-SdBNP
_bspa
_cBNPHU
082 _a618.92995
_bR426n, 1998
110 1 _aRepública Dominicana
_bSecretaría de Salud Pública y Asistencia Social
_91405
245 1 0 _aNormas nacionales para la prevención, diagnóstico, tratamiento y control de la tuberculosis infantil /
_cpresentación Altagracia Guzmán Marcelino.
260 _aSanto Domingo :
_bSESPAS,
_c1998.
300 _a51 P. :
_bil. ;
_c22 cm.
490 1 _aNormas nacionales
_v9
504 _aBibliografía : p. 51
590 _aInventariado, 2018/DG
650 4 _aTuberculosis en niños
_zRepública Dominicana
_xNormas
_937649
650 4 _aTuberculosis en niños
_xDiagnóstico
_937650
650 4 _aTuberculosis en niños
_xPrevención y control
_937651
650 4 _aTuberculosis en niños
_xTratamiento
_937652
650 4 _aSalud pública
_zRepública Dominicana
_xNormas
_91409
830 0 _aNormas nacionales
_v9
_91411
910 _aValidado. Control de calidad MFF
999 _c16591
_d16591